Benchmarking v organizáciách mestskej hromadnej dopravy
Benchmarking a jeho využívanie na zlepšovanie kvality. Pojem benchmarking. Aktuálny stav využívania benchmarkingu v organizáciách MHD v krajinách EÚ. Schémy procesu neustáleho zdokonaľovania prostredníctvom benchmarkingu. Návrh metodiky použiteľnej v podmienkach organizácií MHD v SR. Príklad aplikác...
Na minha lista:
| Autor principal: | |
|---|---|
| Outros Autores: | |
| Formato: | Capítulo de Livro |
| Idioma: | eslovaco |
| Assuntos: | |
| Tags: |
Sem tags, seja o primeiro a adicionar uma tag!
|
MARC
| LEADER | 00000naa a2200000 4500 | ||
|---|---|---|---|
| 001 | r046480 | ||
| 005 | 20231002070242.3 | ||
| 041 | 0 | |a slo | |
| 044 | |a SK | ||
| 245 | 1 | 0 | |a Benchmarking v organizáciách mestskej hromadnej dopravy |c Miroslav Hrnčiar, Miroslava Mikušová |
| 520 | |a Benchmarking a jeho využívanie na zlepšovanie kvality. Pojem benchmarking. Aktuálny stav využívania benchmarkingu v organizáciách MHD v krajinách EÚ. Schémy procesu neustáleho zdokonaľovania prostredníctvom benchmarkingu. Návrh metodiky použiteľnej v podmienkach organizácií MHD v SR. Príklad aplikácie procesu benchmarkingu operátorov MHD na Slovensku. Zhodnotenie doterajších skúseností. | ||
| 610 | 2 | 0 | |a benchmarking |
| 610 | 2 | 0 | |a podnik dopravný |
| 610 | 2 | 0 | |a doprava hromadná mestská |
| 610 | 2 | 0 | |a Slovensko |
| 610 | 2 | 0 | |a kvalita |
| 610 | 2 | 0 | |a zlepšovateľstvo |
| 610 | 2 | 0 | |a metodika |
| 100 | 1 | |a Hrnčiar, Miroslav | |
| 700 | 1 | |a Mikušová, Miroslava | |